[Event "Litomysl 2007"]
[Site "?"]
[Date "2007.12.29"]
[Round "5.20"]
[White "Jackova, Jana"]
[Black "Gruber, Michael"]
[Result "1-0"]
[WhiteElo "2375"]
[BlackElo "2141"]
[PlyCount "61"]
[EventDate "2007.12.26"]

1. e4 e5 2. Nf3 Nc6 3. Bc4 Bc5 4. c3 Nf6 5. d3 a6 6. Nbd2 O-O 7. Bb3 d6 8. h3
Nh5 9. Nf1 Qf6 10. Bg5 Qg6 11. g4 Nf6 12. Be3 Bxe3 13. Nxe3 Be6 14. Qe2 Rad8
15. Nf5 Nd7 16. Bd5 Rfe8 17. Qe3 Bxd5 18. exd5 Ne7 19. Nxe7+ Rxe7 20. O-O-O
Rde8 21. Nh4 Qf6 22. Nf5 Nb6 23. Nxe7+ Rxe7 24. c4 e4 25. Rhe1 Na4 26. Rd2 Nc5
27. d4 Na4 28. f3 Nb6 29. b3 c6 30. dxc6 bxc6 31. fxe4 1-0

[Event "Litomysl 2007"]
[Site "?"]
[Date "2007.12.29"]
[Round "5.21"]
[White "Mudrak, Josef"]
[Black "Fuchs, Judith"]
[Result "1-0"]
[WhiteElo "2324"]
[BlackElo "2140"]
[PlyCount "81"]
[EventDate "2007.12.26"]

1. Nf3 Nf6 2. d4 g6 3. g3 Bg7 4. Bg2 O-O 5. O-O d6 6. a4 Na6 7. Nc3 d5 8. h3
Bf5 9. g4 Be6 10. Ne5 Qc8 11. e3 Rd8 12. Ne2 Nd7 13. Nd3 c6 14. Ndf4 Nc7 15.
Ng3 Nf6 16. c3 Bd7 17. Qe2 Ne6 18. Nd3 Ng5 19. f3 Ne6 20. e4 c5 21. g5 dxe4 22.
fxe4 Ne8 23. d5 Nf8 24. Qf2 Nd6 25. Kh2 c4 26. Ne1 Be8 27. Nf3 Nd7 28. Be3 Qc7
29. Kh1 Ne5 30. Nxe5 Bxe5 31. Ne2 b6 32. Nd4 Bd7 33. Qh4 Ne8 34. Rxf7 Kxf7 35.
Qxh7+ Bg7 36. Rf1+ Nf6 37. gxf6 exf6 38. Bg5 Qe5 39. Bxf6 Qxf6 40. Rxf6+ Kxf6
41. e5+ 1-0

[Event "Litomysl 2007"]
[Site "?"]
[Date "2007.12.29"]
[Round "5.23"]
[White "Ganaus, Hannes"]
[Black "Cagara, Paulina"]
[Result "1/2-1/2"]
[WhiteElo "2294"]
[BlackElo "2076"]
[PlyCount "63"]
[EventDate "2007.12.26"]

1. Nf3 f5 2. c4 Nf6 3. Nc3 g6 4. d4 Bg7 5. g3 O-O 6. Bg2 d6 7. O-O Qe8 8. b3 c6
9. Ba3 h6 10. Re1 Ne4 11. Rc1 g5 12. Qd3 Qg6 13. e3 Nd7 14. Nd2 Nxd2 15. Qxd2
Nf6 16. b4 Bd7 17. d5 Ne4 18. Nxe4 fxe4 19. Bb2 Bf6 20. Bd4 Bg4 21. Qc2 Bf5 22.
dxc6 bxc6 23. g4 Bxg4 24. Qxe4 Qxe4 25. Bxe4 Rac8 26. Bxf6 Rxf6 27. Kg2 Bf5 28.
Bxf5 Rxf5 29. Rc3 Rb8 30. Rb3 Kf7 31. Reb1 a6 32. Ra3 1/2-1/2

[Event "Litomysl 2007"]
[Site "?"]
[Date "2007.12.29"]
[Round "5.28"]
[White "Borik, Juraj"]
[Black "Forman, Miroslav"]
[Result "1/2-1/2"]
[WhiteElo "2220"]
[BlackElo "2051"]
[PlyCount "42"]
[EventDate "2007.12.26"]

1. e4 c5 2. Nf3 e6 3. d4 cxd4 4. Nxd4 a6 5. Nc3 Qc7 6. g3 Nf6 7. Bg2 Nc6 8. O-O
Be7 9. a4 O-O 10. b3 Nxd4 11. Qxd4 Ng4 12. Bb2 Bc5 13. Qd2 f5 14. exf5 Rxf5 15.
Ne4 Bb6 16. a5 Bxa5 17. Rxa5 Rxa5 18. Nd6 Nf6 19. Bxf6 gxf6 20. Ne8 Qd8 21.
Nxf6+ Kf7 1/2-1/2

[Event "Litomysl 2007"]
[Site "?"]
[Date "2007.12.29"]
[Round "5.29"]
[White "Valenta, Vit"]
[Black "Trojan, Lubos"]
[Result "0-1"]
[WhiteElo "2203"]
[BlackElo "2050"]
[PlyCount "106"]
[EventDate "2007.12.26"]

1. e4 e6 2. d4 d5 3. Nc3 Nf6 4. Bg5 Be7 5. e5 Nfd7 6. Bxe7 Qxe7 7. Qg4 f5 8.
exf6 Nxf6 9. Qh4 c5 10. dxc5 Qxc5 11. Nf3 Nc6 12. Bd3 Qb4 13. Qxb4 Nxb4 14. O-O
O-O 15. Rfe1 Bd7 16. Ne5 Rae8 17. Re2 a6 18. Rae1 Bc8 19. a3 Nxd3 20. cxd3 Nd7
21. d4 Nxe5 22. Rxe5 Bd7 23. g3 Rc8 24. R1e3 a5 25. a4 Rc4 26. Rd3 Rfc8 27. f4
Bxa4 28. Rxe6 Rb4 29. Nxa4 Rxa4 30. Rb6 Rc2 31. Rd1 Rb4 32. Rxb4 axb4 33. b3
Rc3 34. Rb1 Kf7 35. Kf2 Rc2+ 36. Kf3 Rxh2 37. Rc1 Rb2 38. Rc7+ Kf6 39. Rxb7
Rxb3+ 40. Kg4 h5+ 41. Kh4 g6 42. g4 hxg4 43. Kxg4 Rb1 44. f5 Rg1+ 45. Kf3 Rf1+
46. Ke3 Rxf5 47. Rxb4 g5 48. Rb7 Kg6 49. Re7 g4 50. Re8 Kg5 51. Rh8 Rf3+ 52.
Ke2 Rf4 53. Ke3 Re4+ 0-1

[Event "Litomysl 2007"]
[Site "?"]
[Date "2007.12.29"]
[Round "5.30"]
[White "Folkova, Martina"]
[Black "Sirota, Sergej"]
[Result "1/2-1/2"]
[WhiteElo "2181"]
[BlackElo "2044"]
[PlyCount "75"]
[EventDate "2007.12.26"]

1. e4 c6 2. d4 d5 3. exd5 cxd5 4. c4 Nf6 5. Nc3 e6 6. Nf3 Bb4 7. Bd3 dxc4 8.
Bxc4 O-O 9. O-O Bxc3 10. bxc3 Nbd7 11. Bg5 Qc7 12. Qd3 b6 13. Bb3 Bb7 14. Rfe1
Rfe8 15. Rac1 Rac8 16. Ne5 Nxe5 17. dxe5 Nd7 18. Bc2 Nf8 19. Qg3 Qc5 20. h4 Kh8
21. Bb1 Qa3 22. h5 Rc4 23. h6 g6 24. Rcd1 Kg8 25. Bd3 Rxc3 26. Qf4 f5 27. exf6
Kf7 28. Bc4 Qc5 29. Bb3 Qc6 30. Bd5 Qc8 31. Bxb7 Qxb7 32. Qd4 Rc5 33. Bd2 Rd5
34. Qe4 a5 35. Bc3 Red8 36. Rb1 Qa6 37. Qf4 b5 38. Qc7+ 1/2-1/2

[Event "Litomysl 2007"]
[Site "?"]
[Date "2007.12.29"]
[Round "5.33"]
[White "Sott, Pavel"]
[Black "Kratochvil, Josef"]
[Result "0-1"]
[WhiteElo "2148"]
[BlackElo "1979"]
[PlyCount "138"]
[EventDate "2007.12.26"]

1. e4 c5 2. Nc3 e6 3. Nf3 a6 4. Be2 b5 5. d4 cxd4 6. Nxd4 Bb7 7. Bf3 Qc7 8. O-O
d6 9. Bg5 Nd7 10. Re1 Ne5 11. Qe2 Nf6 12. Bxf6 gxf6 13. Bh5 Ng6 14. Rad1 Nf4
15. Qg4 Nxh5 16. Qxh5 O-O-O 17. a4 b4 18. Na2 d5 19. c3 b3 20. Nxb3 Bd6 21.
exd5 Bxd5 22. c4 Ba8 23. c5 Qb7 24. Qh3 Bf4 25. c6 Qxc6 26. Nd4 Qb6 27. Qc3+
Qc7 28. g3 Qxc3 29. Nxc3 Be5 30. Nce2 Rhg8 31. f4 Bd6 32. Rc1+ Kd7 33. Red1 Rc8
34. Kf2 Ke7 35. Nc3 Bc5 36. Kf1 Rgd8 37. Nb3 Bb4 38. Rxd8 Rxd8 39. Ke2 Bd6 40.
Nd2 Rb8 41. Rc2 h5 42. Nce4 Bd5 43. Kd3 Rb4 44. Nxd6 Kxd6 45. b3 a5 46. Kc3 e5
47. fxe5+ fxe5 48. Rc1 h4 49. Rf1 hxg3 50. hxg3 Rg4 51. Rf6+ Be6 52. Rf3 f5 53.
Nc4+ Bxc4 54. bxc4 Kc5 55. Kb3 f4 56. gxf4 exf4 57. Rf2 Kd4 58. Rd2+ Ke3 59.
Rc2 f3 60. c5 f2 61. Rxf2 Kxf2 62. c6 Rg6 63. Kc4 Rxc6+ 64. Kb5 Rc1 65. Kxa5
Rb1 66. Ka6 Ke3 67. a5 Kd4 68. Ka7 Kc5 69. a6 Rb6 0-1

[Event "Litomysl 2007"]
[Site "?"]
[Date "2007.12.29"]
[Round "5.37"]
[White "Kotva, Milan"]
[Black "Kolasin, Jan"]
[Result "0-1"]
[WhiteElo "2104"]
[BlackElo "1951"]
[PlyCount "36"]
[EventDate "2007.12.26"]

1. e4 e6 2. d4 d5 3. Nc3 Bb4 4. e5 c5 5. a3 Bxc3+ 6. bxc3 Ne7 7. Nf3 Qa5 8. Bd2
Qa4 9. Bd3 b6 10. O-O Ba6 11. Be3 Nd7 12. Ng5 Bxd3 13. Qxd3 Nf5 14. g4 Nxe5 15.
Qe2 cxd4 16. Bf4 Ng6 17. Nxe6 fxe6 18. Qxe6+ Nfe7 0-1

[Event "Litomysl 2007"]
[Site "?"]
[Date "2007.12.29"]
[Round "5.39"]
[White "Lushnikov, Evgeny"]
[Black "Czyz, Artur"]
[Result "1-0"]
[WhiteElo "1822"]
[BlackElo "2086"]
[PlyCount "65"]
[EventDate "2007.12.26"]

1. e4 g6 2. d4 Bg7 3. Nc3 c6 4. f4 d5 5. e5 h5 6. Nf3 Nh6 7. h3 Bf5 8. Be3 e6
9. Be2 Bf8 10. Qd2 Nd7 11. g4 hxg4 12. hxg4 Bxg4 13. f5 exf5 14. Bxh6 g5 15.
Bxg5 Rxh1+ 16. Kf2 Rxa1 17. Bxd8 Rxd8 18. Ng5 Rh1 19. e6 Nf6 20. exf7+ Kd7 21.
Qe3 Bd6 22. Qe6+ Kc7 23. Qxf6 Rh2+ 24. Ke3 f4+ 25. Kd3 Bc8 26. Bf3 Rdh8 27.
Bxd5 cxd5 28. Nb5+ Kb6 29. Qxd6+ Kxb5 30. Qc5+ Ka6 31. f8=Q R2h3+ 32. Nxh3
Rxh3+ 33. Kd2 1-0

[Event "Litomysl 2007"]
[Site "?"]
[Date "2007.12.29"]
[Round "5.44"]
[White "Horyna, Josef"]
[Black "Medunova, Vera"]
[Result "1/2-1/2"]
[WhiteElo "1903"]
[BlackElo "2129"]
[PlyCount "131"]
[EventDate "2007.12.26"]

1. e4 c5 2. Nc3 Nc6 3. g3 g6 4. Bg2 Bg7 5. d3 e6 6. Nge2 Nge7 7. O-O O-O 8. Bg5
h6 9. Be3 Nd4 10. f4 d5 11. exd5 exd5 12. Bf2 Be6 13. Nxd4 cxd4 14. Ne2 Qb6 15.
Rb1 Nf5 16. Qd2 Ne3 17. Rfc1 Nxg2 18. Kxg2 Rfe8 19. c3 dxc3 20. bxc3 Qa5 21.
Nd4 Bg4 22. Re1 b6 23. h3 Bd7 24. Re3 Rxe3 25. Bxe3 Re8 26. Bf2 Rc8 27. Rc1 Bf8
28. Nb3 Qa3 29. Bd4 Re8 30. Rf1 Qd6 31. Re1 Rxe1 32. Qxe1 Qe6 33. Qxe6 Bxe6 34.
g4 h5 35. Kf3 hxg4+ 36. hxg4 Be7 37. Nd2 Kf8 38. Nf1 Bd7 39. Ne3 Bc6 40. f5
gxf5 41. Nxf5 Bg5 42. Nd6 Bd7 43. c4 dxc4 44. dxc4 Ke7 45. Nf5+ Ke6 46. Ng7+
Kd6 47. Nf5+ Kc6 48. Bf2 a6 49. Ke4 Bf6 50. Be3 b5 51. cxb5+ Kxb5 52. g5 Bxf5+
53. Kxf5 Bb2 54. Ke4 Kc4 55. Bb6 Bc3 56. Kf5 Kb4 57. g6 fxg6+ 58. Kxg6 Ka3 59.
Kf5 Kxa2 60. Ke4 Kb3 61. Kd5 Kb4 62. Kc6 Be1 63. Bc5+ Kc4 64. Bb6 Bb4 65. Bd8
Bf8 66. Kb6 1/2-1/2

[Event "Litomysl 2007"]
[Site "?"]
[Date "2007.12.30"]
[Round "6.1"]
[White "Cernousek, Lukas"]
[Black "Neumeier, Klaus"]
[Result "1-0"]
[WhiteElo "2405"]
[BlackElo "2273"]
[PlyCount "71"]
[EventDate "2007.12.26"]

1. e4 e5 2. Nc3 Nc6 3. Nf3 Nf6 4. d4 exd4 5. Nxd4 Bb4 6. Nxc6 bxc6 7. Bd3 O-O
8. O-O d5 9. exd5 cxd5 10. Bg5 c6 11. Na4 Re8 12. c4 Be6 13. Rc1 h6 14. Bh4 Bd6
15. cxd5 Bxd5 16. Bc4 Bf4 17. Bxd5 Bxc1 18. Bxc6 Qxd1 19. Rxd1 Red8 20. Rxc1
Rac8 21. Bxf6 gxf6 22. g3 Rd6 23. Nc5 Rdxc6 24. b4 Ra6 25. Rc2 Ra3 26. Kg2 Rd8
27. Rb2 Rd4 28. b5 Ra5 29. a4 Rc4 30. Nd3 Rd4 31. Nf4 Raxa4 32. b6 a5 33. b7
Rab4 34. b8=Q+ Rxb8 35. Rxb8+ Kh7 36. Rb6 1-0

[Event "Litomysl 2007"]
[Site "?"]
[Date "2007.12.30"]
[Round "6.2"]
[White "Kanovsky, David"]
[Black "Kubecka, David"]
[Result "1-0"]
[WhiteElo "2396"]
[BlackElo "2271"]
[PlyCount "77"]
[EventDate "2007.12.26"]

1. e4 Nf6 2. e5 Nd5 3. d4 d6 4. Nf3 Bg4 5. Be2 c6 6. c4 Nb6 7. exd6 exd6 8. O-O
Be7 9. Qb3 N8d7 10. Nc3 O-O 11. Bf4 Nf6 12. h3 Bh5 13. a4 a5 14. Rad1 Qc7 15.
Rfe1 Rfe8 16. d5 Nbd7 17. Qa3 Qb6 18. Nd4 Bxe2 19. Rxe2 Ne5 20. Nf5 Nxc4 21.
Qa2 Ne5 22. dxc6 Qxc6 23. Bg5 Nd5 24. Rxd5 Bxg5 25. Nxd6 Re6 26. Rexe5 Rxe5 27.
Rxe5 Qxd6 28. Rxg5 Re8 29. g3 Re1+ 30. Kg2 Qd3 31. Qd5 Qf1+ 32. Kf3 h6 33. Re5
Rxe5 34. Qxe5 Qxh3 35. Qe8+ Kh7 36. Qxf7 Qh1+ 37. Ke2 Qc6 38. Qf5+ Kh8 39. Qxa5
1-0

[Event "Litomysl 2007"]
[Site "?"]
[Date "2007.12.30"]
[Round "6.3"]
[White "Cerveny, Martin"]
[Black "Swicarz, Maciej"]
[Result "0-1"]
[WhiteElo "2291"]
[BlackElo "2265"]
[PlyCount "96"]
[EventDate "2007.12.26"]

1. d4 d5 2. c4 dxc4 3. Nf3 Nf6 4. e3 e6 5. Bxc4 a6 6. O-O c5 7. Nc3 Nc6 8. dxc5
Bxc5 9. Qxd8+ Kxd8 10. a3 Ke7 11. b4 Bd6 12. Bb2 b5 13. Be2 Bb7 14. Rac1 Rhd8
15. Rfd1 Rd7 16. Nd2 Ne5 17. f4 Neg4 18. Nf1 h5 19. h3 Nh6 20. g3 Rg8 21. h4
Rgd8 22. Nh2 Bb8 23. Rxd7+ Rxd7 24. Rd1 Rc7 25. Kf2 Rxc3 26. Bxc3 Ne4+ 27. Ke1
Nxc3 28. Rc1 Nxe2 29. Kxe2 Nf5 30. Nf1 g6 31. Kd3 Bd5 32. Nd2 Nxg3 33. e4 Bb7
34. e5 Kd8 35. Nb3 Be4+ 36. Kd2 Ba7 37. Na5 Kd7 38. a4 Nf5 39. Ke2 Bd5 40. axb5
axb5 41. Rd1 Bd4 42. Kd3 Be3 43. Rf1 Bb6 44. Rb1 Nxh4 45. Nb3 Ng2 46. Nc5+ Bxc5
47. bxc5 h4 48. Ra1 h3 0-1

[Event "Litomysl 2007"]
[Site "?"]
[Date "2007.12.30"]
[Round "6.4"]
[White "Manik, Mikulas"]
[Black "Mueller, Oliver"]
[Result "1-0"]
[WhiteElo "2420"]
[BlackElo "2309"]
[PlyCount "149"]
[EventDate "2007.12.26"]

1. e4 e5 2. Nf3 Nc6 3. Bb5 a6 4. Ba4 Nf6 5. O-O Nxe4 6. d4 exd4 7. Re1 d5 8.
Nxd4 Bd6 9. Nxc6 Bxh2+ 10. Kh1 Qh4 11. Rxe4+ dxe4 12. Qd8+ Qxd8 13. Nxd8+ Kxd8
14. Kxh2 Be6 15. Be3 b5 16. Bb3 Bxb3 17. axb3 f5 18. b4 h6 19. Nd2 g5 20. g4 f4
21. Bd4 Re8 22. Re1 e3 23. fxe3 fxe3 24. Nb3 e2 25. Kg3 Re4 26. Nc5 Re8 27. Bg7
Ke7 28. Rxe2+ Kf7 29. Be5 Kg6 30. Nd3 a5 31. Rf2 axb4 32. Rf6+ Kh7 33. Rf7+ Kg8
34. Rg7+ Kf8 35. Rxc7 b3 36. Bg7+ Kg8 37. Bxh6 bxc2 38. Bxg5 Rec8 39. Rxc8+
Rxc8 40. Kf3 Kf7 41. Bd2 Rh8 42. Ke4 Rh1 43. Kd4 Rh8 44. Kc3 Rc8+ 45. Kb3 Ke6
46. Bc1 Rc4 47. g5 Rg4 48. Kxc2 Kd5 49. Nf4+ Kc5 50. b3 Kd4 51. Bd2 Ke4 52. Ne2
b4 53. Nc1 Kf3 54. Nd3 Ke2 55. Nc1+ Kf3 56. Kd3 Kf2 57. Na2 Rg3+ 58. Kc2 Ke2
59. Nxb4 Kf3 60. Nd5 Ke4 61. Nc3+ Kf5 62. Ne2 Rg4 63. Kd3 Rh4 64. Nd4+ Kg6 65.
b4 Rh3+ 66. Be3 Rh8 67. b5 Rb8 68. Bf4 Rf8 69. Bd2 Rb8 70. Kc4 Rc8+ 71. Nc6 Kf5
72. Kd5 Ra8 73. b6 Ra2 74. b7 Rxd2+ 75. Nd4+ 1-0

[Event "Litomysl 2007"]
[Site "?"]
[Date "2007.12.30"]
[Round "6.5"]
[White "Sabol, Marian"]
[Black "Krejci, Jan"]
[Result "0-1"]
[WhiteElo "2333"]
[BlackElo "2397"]
[PlyCount "96"]
[EventDate "2007.12.26"]

1. e4 e5 2. Nf3 Nc6 3. Bb5 a6 4. Ba4 Nf6 5. O-O Be7 6. Re1 b5 7. Bb3 O-O 8. c3
d6 9. h3 Na5 10. Bc2 c5 11. d4 Qc7 12. d5 Nc4 13. b3 Nb6 14. Nbd2 Bd7 15. Nf1
a5 16. Be3 Rfc8 17. N3d2 g6 18. c4 a4 19. Kh2 Bd8 20. Qf3 Qa7 21. Rab1 Qa5 22.
Bg5 Ng4+ 23. hxg4 Bxg5 24. Qd3 Bh6 25. Ne3 axb3 26. axb3 Qb4 27. Nf3 Bxe3 28.
Qxe3 Bxg4 29. Nd2 bxc4 30. bxc4 Nxc4 31. Nxc4 Qxc4 32. Bd3 Qd4 33. Qg3 h5 34.
Bb5 Ra7 35. Qh4 Ra2 36. Re3 c4 37. Bc6 c3 38. Rb7 Kg7 39. Bd7 Bxd7 40. Rxd7 Ra7
41. Qe7 Rxd7 42. Qxd7 Qc4 43. Rf3 Rf8 44. Qxd6 c2 45. Qxe5+ Kg8 46. Rxf7 Rxf7
47. Qe8+ Kg7 48. Qe5+ Kh7 0-1

[Event "Litomysl 2007"]
[Site "?"]
[Date "2007.12.30"]
[Round "6.6"]
[White "Degtiarev, Evgeny"]
[Black "Stachowiak, Kamil"]
[Result "0-1"]
[WhiteElo "2371"]
[BlackElo "2307"]
[PlyCount "86"]
[EventDate "2007.12.26"]

1. d4 d5 2. Nf3 Nf6 3. c4 c6 4. Nc3 dxc4 5. a4 Bf5 6. e3 e6 7. a5 Nbd7 8. Bxc4
Bd6 9. O-O O-O 10. h3 Qe7 11. Re1 Bg6 12. e4 e5 13. d5 h6 14. Nh4 Bh7 15. dxc6
bxc6 16. Qf3 Rab8 17. Nf5 Bxf5 18. Qxf5 Nc5 19. Re3 Ne6 20. Rg3 Nf4 21. Rg6 Kh8
22. Rxf6 Qxf6 23. Qxf6 gxf6 24. Na4 Bb4 25. a6 Rbd8 26. Be3 Rd7 27. Kh2 Kg7 28.
Nc5 Bxc5 29. Bxc5 Rb8 30. b4 Ne6 31. Bxe6 fxe6 32. Ra3 f5 33. exf5 exf5 34. h4
Kf6 35. Rg3 f4 36. Rf3 Kf5 37. g3 h5 38. Rc3 Rg8 39. gxf4 exf4 40. Rc4 Rg4 41.
Bd4 Rxh4+ 42. Kg1 f3 43. Rc5+ Ke4 0-1

[Event "Litomysl 2007"]
[Site "?"]
[Date "2007.12.30"]
[Round "6.7"]
[White "Skliba, Martin"]
[Black "Zawadzka, Jolanta"]
[Result "0-1"]
[WhiteElo "2255"]
[BlackElo "2371"]
[PlyCount "92"]
[EventDate "2007.12.26"]

1. d4 d5 2. Nf3 c6 3. c4 e6 4. e3 Nf6 5. Nc3 Nbd7 6. Qc2 Bd6 7. Be2 O-O 8. O-O
e5 9. cxd5 cxd5 10. Nb5 Bb8 11. dxe5 Nxe5 12. Nbd4 Bg4 13. Nxe5 Bxe5 14. Bxg4
Nxg4 15. Nf3 Bf6 16. Bd2 Qd7 17. Rac1 Rfc8 18. Qb3 Rc6 19. Rxc6 bxc6 20. Bc3
Rc8 21. h3 Bxc3 22. Qxc3 Nf6 23. b4 Ne4 24. Qd4 c5 25. bxc5 Rxc5 26. Rd1 Qc7
27. Qa4 g6 28. Qb3 Nc3 29. Ra1 a5 30. Nd4 a4 31. Qb2 Rc4 32. Rc1 Rxd4 33. exd4
Ne2+ 34. Qxe2 Qxc1+ 35. Qf1 Qd2 36. g4 h6 37. Qa1 a3 38. Qb1 Qxd4 39. Qb3 Qc5
40. Qf3 d4 41. h4 Qc3 42. Qf6 Qe1+ 43. Kg2 Qe4+ 44. Kg3 d3 45. h5 gxh5 46. gxh5
Qd5 0-1

[Event "Litomysl 2007"]
[Site "?"]
[Date "2007.12.30"]
[Round "6.8"]
[White "Petr, Martin"]
[Black "Bombek, Peter"]
[Result "1-0"]
[WhiteElo "2440"]
[BlackElo "2209"]
[PlyCount "91"]
[EventDate "2007.12.26"]

1. e4 d5 2. exd5 Qxd5 3. Nc3 Qa5 4. d4 Nf6 5. Nf3 Bg4 6. h3 Bh5 7. g4 Bg6 8.
Ne5 e6 9. Nc4 Qa6 10. h4 Bb4 11. Rh3 Qc6 12. h5 Be4 13. Nd2 a6 14. a3 Ba5 15.
b4 Bg2 16. d5 Bxd5 17. bxa5 Nbd7 18. g5 Bg2 19. Re3 Ng8 20. Qg4 Bxf1 21. Nxf1
Ne7 22. Bb2 O-O-O 23. O-O-O Nf5 24. Re2 Nc5 25. Ne3 Rxd1+ 26. Ncxd1 Nd3+ 27.
Kb1 Nxb2 28. Nxf5 Qh1 29. Kxb2 Qxd1 30. Ne3 Qd6 31. Nc4 Qc5 32. Rd2 Rd8 33.
Rxd8+ Kxd8 34. Qe4 h6 35. gxh6 gxh6 36. Kc3 Qxh5 37. Qxb7 Qb5 38. Qxb5 axb5 39.
Ne5 h5 40. Kd3 f6 41. a6 Kc8 42. Nc6 e5 43. Ke3 f5 44. Ke2 e4 45. Ke3 h4 46.
Kf4 1-0

[Event "Litomysl 2007"]
[Site "?"]
[Date "2007.12.30"]
[Round "6.9"]
[White "Zakharchenko, Arnold"]
[Black "Zeberski, Jakub"]
[Result "0-1"]
[WhiteElo "2307"]
[BlackElo "2411"]
[PlyCount "67"]
[EventDate "2007.12.26"]

1. d4 d5 2. c4 e6 3. Nf3 Nf6 4. g3 Be7 5. Bg2 O-O 6. O-O dxc4 7. Qc2 a6 8. Qxc4
b5 9. Qc2 Bb7 10. Bd2 Be4 11. Qc1 Bb7 12. Bg5 Nbd7 13. Qf4 c5 14. dxc5 Nxc5 15.
Nc3 Qb6 16. Rad1 Rfd8 17. Ne5 Bxg2 18. Kxg2 h6 19. Bxf6 Bxf6 20. Ng4 Bxc3 21.
bxc3 Qb7+ 22. f3 Na4 23. Nxh6+ gxh6 24. Qxh6 Qe7 25. Rd4 Rxd4 26. cxd4 Nc3 27.
Qd2 b4 28. a3 a5 29. Ra1 Rc8 30. axb4 axb4 31. Ra5 Nd5 32. Kf2 Qf6 33. Ra2 Nc3
34. Rb2 0-1

[Event "Litomysl 2007"]
[Site "?"]
[Date "2007.12.30"]
[Round "6.10"]
[White "Plat, Vojtech"]
[Black "Spirin, Oleg"]
[Result "0-1"]
[WhiteElo "2296"]
[BlackElo "2404"]
[PlyCount "82"]
[EventDate "2007.12.26"]

1. e4 c5 2. Nf3 d6 3. d4 cxd4 4. Nxd4 Nf6 5. Nc3 a6 6. Be2 e6 7. O-O Qc7 8. Kh1
b5 9. Bf3 Bb7 10. Re1 Nbd7 11. g3 Be7 12. Bg2 O-O 13. a3 Rac8 14. Kg1 Rfd8 15.
f4 Nb6 16. g4 d5 17. e5 Ne4 18. Nxe4 dxe4 19. c3 Bc5 20. Bxe4 Na4 21. f5 Qb6
22. Bxb7 Qxb7 23. fxe6 fxe6 24. Qb3 Bxd4+ 25. cxd4 Rc4 26. Be3 Qf3 27. Qd1 Qxd1
28. Raxd1 Nxb2 29. Rd2 Na4 30. Rf2 Rf8 31. Rxf8+ Kxf8 32. Rf1+ Ke8 33. Rf3 Rc3
34. Kf2 Rxa3 35. Rh3 Nc3 36. Rxh7 Nd1+ 37. Ke2 Nxe3 38. Rxg7 Nd5 39. h4 Kf8 40.
Ra7 Rg3 41. Rxa6 Rxg4 0-1

[Event "Litomysl 2007"]
[Site "?"]
[Date "2007.12.30"]
[Round "6.12"]
[White "Novotny, Michal"]
[Black "Jackova, Jana"]
[Result "1/2-1/2"]
[WhiteElo "2278"]
[BlackElo "2375"]
[PlyCount "53"]
[EventDate "2007.12.26"]

1. e4 e5 2. Nf3 Nc6 3. d4 exd4 4. Nxd4 Nf6 5. Nc3 Bb4 6. Nxc6 bxc6 7. Bd3 d5 8.
exd5 cxd5 9. O-O O-O 10. Bg5 c6 11. Na4 Bd6 12. c4 Be5 13. Kh1 h6 14. Bh4 Rb8
15. f4 Bd6 16. Rc1 Be7 17. Bf2 Rb7 18. Qc2 d4 19. b3 c5 20. Bf5 Bxf5 21. Qxf5
Qd7 22. Qd3 Qc6 23. Rce1 Bd6 24. Qf5 Rbb8 25. Bh4 Nd7 26. Be7 Rfe8 27. Bxd6
1/2-1/2

[Event "Litomysl 2007"]
[Site "?"]
[Date "2007.12.30"]
[Round "6.13"]
[White "Biolek, Richard Jr"]
[Black "Mudrak, Josef"]
[Result "1/2-1/2"]
[WhiteElo "2277"]
[BlackElo "2324"]
[PlyCount "45"]
[EventDate "2007.12.26"]

1. e4 e5 2. Nf3 d6 3. d4 exd4 4. Nxd4 g6 5. Bc4 Bg7 6. O-O Nf6 7. Nc3 O-O 8.
Bg5 c6 9. Nf3 Qc7 10. Bf4 Ne8 11. a4 Nd7 12. Qe2 Ne5 13. Nxe5 dxe5 14. Be3 Qe7
15. a5 Nc7 16. Na4 Re8 17. Nc5 Rb8 18. Na4 Ra8 19. Rfd1 Be6 20. Nc5 Bc8 21. Qf3
h6 22. Bb3 Ne6 23. Bxe6 1/2-1/2

[Event "Litomysl 2007"]
[Site "?"]
[Date "2007.12.30"]
[Round "6.15"]
[White "Folk, Petr"]
[Black "Jasik, Krzysztof"]
[Result "0-1"]
[WhiteElo "2193"]
[BlackElo "2310"]
[PlyCount "46"]
[EventDate "2007.12.26"]

1. e4 c5 2. Nf3 Nc6 3. Nc3 e5 4. Bc4 Be7 5. d3 Nf6 6. Nd2 O-O 7. Nf1 d6 8. Ne3
g6 9. O-O Nh5 10. Ned5 Bg5 11. f4 exf4 12. Nxf4 Nxf4 13. Bxf4 Bxf4 14. Rxf4 Qg5
15. Qf1 Be6 16. Bd5 Nb4 17. Qf3 Nxc2 18. Rf1 Nd4 19. Qf2 Qe5 20. Bxb7 Rab8 21.
Bd5 Bxd5 22. Nxd5 f5 23. b3 g5 0-1

[Event "Litomysl 2007"]
[Site "?"]
[Date "2007.12.30"]
[Round "6.16"]
[White "Simacek, Pavel"]
[Black "Bebel, Arkadiusz"]
[Result "1-0"]
[WhiteElo "2472"]
[BlackElo "2153"]
[PlyCount "57"]
[EventDate "2007.12.26"]

1. e4 c5 2. Nf3 e6 3. d3 Nc6 4. g3 d5 5. Nbd2 Nf6 6. Bg2 Be7 7. O-O O-O 8. Re1
b5 9. exd5 exd5 10. d4 c4 11. a4 Bf5 12. c3 a6 13. Ne5 Bd7 14. axb5 Nxe5 15.
dxe5 Ng4 16. h3 Nxf2 17. Kxf2 Bc5+ 18. Kf1 Bf5 19. Re2 Bd3 20. Nf3 f6 21. e6
Re8 22. Ne1 Bxe2+ 23. Qxe2 axb5 24. Rxa8 Qxa8 25. Qh5 Rd8 26. Qf7+ Kh8 27. e7
Re8 28. Bh6 gxh6 29. Bxd5 1-0

[Event "Litomysl 2007"]
[Site "?"]
[Date "2007.12.30"]
[Round "6.22"]
[White "Engelmann, Jakob"]
[Black "Ganaus, Hannes"]
[Result "1/2-1/2"]
[WhiteElo "2114"]
[BlackElo "2294"]
[PlyCount "113"]
[EventDate "2007.12.26"]

1. e4 c6 2. d4 d5 3. exd5 cxd5 4. c4 Nf6 5. Nc3 e6 6. Nf3 a6 7. cxd5 exd5 8.
Bg5 Bb4 9. Bd3 O-O 10. O-O Be6 11. Qb3 Nc6 12. Rac1 Bd6 13. Na4 Na5 14. Qb6
Qxb6 15. Nxb6 Rab8 16. Ne5 Bxe5 17. dxe5 Nd7 18. Nxd7 Bxd7 19. Rc7 Be6 20. f4
Rbc8 21. Rfc1 Rxc7 22. Rxc7 Rc8 23. Rxc8+ Bxc8 24. Be7 Nc6 25. Bc5 g6 26. Kf2
Bf5 27. Be2 h5 28. Bf3 Be6 29. h3 Kg7 30. b4 b5 31. Bd1 g5 32. g3 Kg6 33. h4
gxh4 34. gxh4 d4 35. Bf3 Nb8 36. Be4+ f5 37. exf6+ Kxf6 38. Bxd4+ Ke7 39. a3
Bd7 40. Ke3 Nc6 41. Bf3 Be8 42. Ke4 a5 43. Bc3 axb4 44. axb4 Kd6 45. Be2 Ne7
46. Be5+ Ke6 47. Bd1 Bg6+ 48. Kf3 Nf5 49. Bb3+ Ke7 50. Bd5 Nxh4+ 51. Ke2 Be8
52. Be4 Ke6 53. Bd4 Nf5 54. Bf2 Nd6 55. Bd3 Kd5 56. Kf3 Bd7 57. Bc5 1/2-1/2

[Event "Litomysl 2007"]
[Site "?"]
[Date "2007.12.30"]
[Round "6.27"]
[White "Cagara, Paulina"]
[Black "Vales, Vaclav"]
[Result "1-0"]
[WhiteElo "2076"]
[BlackElo "2163"]
[PlyCount "65"]
[EventDate "2007.12.26"]

1. e4 c5 2. Nc3 Nc6 3. Bb5 Nd4 4. Bc4 Rb8 5. a4 d6 6. Nf3 Nf6 7. h3 e5 8. Ng5
Ne6 9. d3 Be7 10. Nxe6 fxe6 11. O-O O-O 12. f4 exf4 13. Bxf4 Ne8 14. Ne2 Kh8
15. Qd2 Nc7 16. Bh2 Bd7 17. Rxf8+ Bxf8 18. Bb3 Na6 19. Rf1 Rc8 20. c3 Be7 21.
Kh1 Bg5 22. Bf4 Be7 23. Bg3 Bg5 24. Qd1 Qe7 25. Bf4 Bf6 26. Ng3 g6 27. d4 e5
28. Be3 Rf8 29. Bh6 Re8 30. dxe5 dxe5 31. Rxf6 Qxf6 32. Qxd7 Rd8 33. Bg7+ 1-0

[Event "Litomysl 2007"]
[Site "?"]
[Date "2007.12.30"]
[Round "6.29"]
[White "Bujnoch, Radek"]
[Black "Schwarz, Milan"]
[Result "1/2-1/2"]
[WhiteElo "2251"]
[BlackElo "2083"]
[PlyCount "57"]
[EventDate "2007.12.26"]

1. e4 c5 2. Nf3 d6 3. d4 cxd4 4. Nxd4 Nf6 5. Nc3 a6 6. f3 e6 7. Be3 b5 8. Qd2
Nbd7 9. a4 b4 10. Na2 a5 11. Nb5 d5 12. exd5 Nxd5 13. Bg5 f6 14. Bh4 Bc5 15.
Bf2 Bxf2+ 16. Qxf2 O-O 17. Bd3 Ne5 18. Be4 Bb7 19. O-O f5 20. Bxd5 Bxd5 21. b3
f4 22. Rad1 Qg5 23. Nc7 Nxf3+ 24. Kh1 Nh4 25. Rxd5 exd5 26. Nxa8 Rxa8 27. g3
Ng6 28. gxf4 Qf5 29. Nc1 1/2-1/2

[Event "Litomysl 2007"]
[Site "?"]
[Date "2007.12.30"]
[Round "6.31"]
[White "Korpalski, Robert"]
[Black "Borik, Juraj"]
[Result "1-0"]
[WhiteElo "2131"]
[BlackElo "2220"]
[PlyCount "63"]
[EventDate "2007.12.26"]

1. e4 c5 2. Nf3 Nc6 3. Bb5 Nf6 4. Qe2 Qc7 5. c3 e5 6. a4 Be7 7. O-O O-O 8. Rd1
d6 9. Na3 Bg4 10. h3 Bxf3 11. Qxf3 Rad8 12. Bc4 h6 13. d3 Nh7 14. Be3 Bg5 15.
Nc2 Kh8 16. g3 Ne7 17. h4 Bxe3 18. Nxe3 Qc8 19. d4 cxd4 20. cxd4 Nc6 21. dxe5
dxe5 22. Rxd8 Qxd8 23. Nf5 Qf6 24. Rd1 Rd8 25. Rxd8+ Nxd8 26. Qa3 Kg8 27. Qc5
Nc6 28. Bd5 Nd4 29. Ne7+ Kf8 30. Ng6+ Kg8 31. Qc8+ Nf8 32. Qxf8+ 1-0